Role of mites in agricultural production (Record no. 19086)

MARC details
000 -LEADER
fixed length control field 00320nam a2200121Ia 4500
082 ## - DEWEY DECIMAL CLASSIFICATION NUMBER
Classification number 632.6542
Item number CHA/RO
100 ## - MAIN ENTRY--PERSONAL NAME
Personal name Channabasavanna,G P
245 ## - TITLE STATEMENT
Title Role of mites in agricultural production
260 ## - PUBLICATION, DISTRIBUTION, ETC. (IMPRINT)
Place of publication, distribution, etc Bangalore
Name of publisher, distributor, etc University of Agricultural Sciences
Date of publication, distribution, etc 1969
300 ## - PHYSICAL DESCRIPTION
Extent 28p.
546 ## - LANGUAGE
Language note English
942 ## - ADDED ENTRY ELEMENTS (KOHA)
Source of classification or shelving scheme Dewey Decimal Classification
Koha item type Report
Holdings
Lost status Source of classification or shelving scheme Damaged status Not for loan Collection code Home library Current library Shelving location Date acquired Total Checkouts Full call number Barcode Date last seen Koha item type
  Dewey Decimal Classification     Reports KAU Central Library, Thrissur KAU Central Library, Thrissur Reports 18/03/2014   632.6542 CHA/RO 207384 18/03/2014 Report
Kerala Agricultural University Central Library
Thrissur-(Dt.), Kerala Pin:- 680656, India
Ph : (+91)(487) 2372219
E-mail: librarian@kau.in
Website: http://library.kau.in/